Introduction to stochastic processes (E-BOOK) (Record no. 219348)
[ view plain ]
| 000 -LEADER | |
|---|---|
| fixed length control field | 00537 a2200193 4500 |
| 003 - CONTROL NUMBER IDENTIFIER | |
| control field | Nust |
| 005 - DATE AND TIME OF LATEST TRANSACTION | |
| control field | 20170207171855.0 |
| 020 ## - INTERNATIONAL STANDARD BOOK NUMBER | |
| International Standard Book Number | 0-395-12076-4 |
| 040 ## - CATALOGING SOURCE | |
| Transcribing agency | Nust |
| 082 04 - DEWEY DECIMAL CLASSIFICATION NUMBER | |
| Classification number | 519.5 |
| 100 1# - MAIN ENTRY--PERSONAL NAME | |
| Personal name | Hoel, Paul Gerhard, |
| 245 00 - TITLE STATEMENT | |
| Title | Introduction to stochastic processes (E-BOOK) |
| Statement of responsibility, etc. | Paul G. Hoel, Sidney C. Port, Charles J. Stone |
| 260 ## - PUBLICATION, DISTRIBUTION, ETC. | |
| Place of publication, distribution, etc. | Boston : |
| Name of publisher, distributor, etc. | Houghton Mifflin, |
| Date of publication, distribution, etc. | 1972 |
| 300 ## - PHYSICAL DESCRIPTION | |
| Extent | 203 s. |
| 490 0# - SERIES STATEMENT | |
| Series statement | The Houghton Mifflin series in statistics |
| 651 ## - SUBJECT ADDED ENTRY--GEOGRAPHIC NAME | |
| Geographic name | E-Book |
| 700 1# - ADDED ENTRY--PERSONAL NAME | |
| Personal name | Port, Sidney C. |
| 700 1# - ADDED ENTRY--PERSONAL NAME | |
| Personal name | Stone, Charles J. |
| 942 ## - ADDED ENTRY ELEMENTS (KOHA) | |
| Source of classification or shelving scheme | |
| Koha item type | Book |
| Withdrawn status | Lost status | Source of classification or shelving scheme | Damaged status | Not for loan | Collection code | Permanent Location | Current Location | Date acquired | Total Checkouts | Barcode | Date last seen | Price effective from | Koha item type |
|---|---|---|---|---|---|---|---|---|---|---|---|---|---|
| Military College of Signals (MCS) | Military College of Signals (MCS) | 12/12/2016 | MCSEB-2035 | 12/08/2016 | 12/12/2016 | Book |
